A weekend with waren buffett : and other shareholder meeting adventures

Bibliographic Details
Main Author: Cepuch, Randy
Format: Book
Published: New York : Thunder's Mouth Prees , 2007
Subjects:

MARC

LEADER 00000cam a2200000 7i4500
001 0000024167
005 20081203.0
008 081202
020 |a 156025954x 
090 0 0 |a 332.6322   |b CEP 
100 1 |a Cepuch, Randy 
245 1 0 |a A weekend with waren buffett :   |b and other shareholder meeting adventures   |c Randy Cepuch 
260 |a New York :   |b Thunder's Mouth Prees ,   |c 2007 
650 0 |a Buffett, Waren 
650 0 |a Investments 
650 0 |a Stockholder's meeting   |x Anecdotes 
999 |a 0001024236   |b Book   |c Adult Collection   |e Perbadanan Perpustakaan Awam Johor 
999 |a 0001024237   |b Book   |c Adult Collection   |e Perbadanan Perpustakaan Awam Johor 
999 |a 0001024238   |b Book   |c Adult Collection   |e Perbadanan Perpustakaan Awam Johor